Estrategias para la solución de problemas en física.

Gespeichert in:
Bibliographische Detailangaben
1. Verfasser: Lara-Barragan Gómez, Antonio (autor)
Format: Schriftenreihe
Sprache:Spanisch
Schlagworte:
Tags: Tag hinzufügen
Keine Tags, Fügen Sie das erste Tag hinzu!

MARC

LEADER 00000cas^a2200000uu^4500
001 000469510
005 20250521000000.0
008 050901s1987^^^^^^^^^^^^r^^r^^000^0^spa^d
009 20260310124536.925
035 |a FCE 000012266 
035 |a FCE 010244 
037 |a Acervo ITESO - Biblioteca 
041 |a spa 
095 |a 5026 
100 |a Lara-Barragan Gómez, Antonio  |e (autor) 
222 0 |a Estrategias para la solución de problemas en física. 
245 1 0 |a Estrategias para la solución de problemas en física. 
264 |a México :  |b Universidad de Guadalajara,  |c 1987. 
336 |a texto  |b txt  |2 rdacontenido 
337 |a sin mediación  |b n  |2 rdamedio 
338 |a volumen  |b nc  |2 rdasoporte 
649 |a XX 
650 |a Educación superior 
650 |a Aprendizaje 
650 |a Metodología 
650 |a Física 
740 |g no. 8, jul./sep. 1987, pp. 45-50  |t Tiempos de ciencia. 
910 |a Fondo Centro de Estudios Educativos 
920 |a Impresos - Libros 
930 |a Fondos Especiales 
905 |a 133 
901 |a ALE010244  |b IT2  |c CEE  |u 20250521 
902 |a https://opac.biblio.iteso.mx/vufind/Record/000469510